Topología
Spremljeno u:
| Glavni autor: | |
|---|---|
| Format: | Knjiga |
| Jezik: | španjolski |
| Izdano: |
Madrid, España
Pearson Educación
2002
|
| Izdanje: | 2a. edición |
| Teme: | |
| Online pristup: | Disponible Online |
| Oznake: |
Dodaj oznaku
Bez oznaka, Budi prvi tko označuje ovaj zapis!
|
MARC
| LEADER | 00000cam a2200000 a 4500 | ||
|---|---|---|---|
| 001 | UCK2078 | ||
| 003 | CL-VaPUC | ||
| 005 | 20230614110912.0 | ||
| 008 | 041217e20020000SP |||||||||||||||||spa|d | ||
| 999 | |c 311738 |d 311736 | ||
| 020 | |a 8420531804 | ||
| 040 | |c Pontificia Universidad Católica de Valparaíso | ||
| 082 | 0 | 4 | |a 514 MUN 2002 |2 21 |
| 100 | |a Munkres, James Raymond |e autor |9 489904 | ||
| 245 | 1 | 0 | |a Topología |
| 250 | |a 2a. edición | ||
| 260 | |a Madrid, España |b Pearson Educación |c 2002 | ||
| 300 | |a 607 páginas | ||
| 583 | |a last modification |c 20171130 16:21:11 |k Rodrigo Vera | ||
| 650 | 0 | |a Topología |9 260092 |x Matemáticas | |
| 856 | |u http://bibliografiadigital.pucv.cl.pucv.idm.oclc.org/index.php/bibliotecapucv/catalog/book/328 |y Disponible Online | ||
| 942 | |c BK |2 ddc | ||
| 945 | |d 20041217 00:00:00 |a cmena | ||
| 952 | |0 0 |1 0 |2 ddc |4 0 |6 514_000000000000000_MUN_2002 |7 0 |8 A |9 381344 |a BIBMAT |b BIBMAT |d 2019-11-21 |i 4086899 |l 8 |m 2 |o 514 MUN 2002 |p 4086899 |q 2025-07-31 |r 2025-03-12 |s 2025-03-12 |w 2019-11-21 |y BK |k MAT | ||
| 952 | |0 0 |1 0 |4 0 |6 514_000000000000000_MUN_2002 |7 0 |8 A |9 381345 |a BIBMAT |b BIBMAT |d 2019-11-21 |i 4100131 |l 8 |m 5 |o 514 MUN 2002 |p 4100131 |q 2025-05-16 |r 2025-05-09 |s 2025-05-09 |w 2019-11-21 |y BK |k MAT | ||
| 952 | |0 0 |1 0 |4 0 |6 514_000000000000000_MUN_2002 |7 0 |8 A |9 381347 |a BIBMAT |b BIBMAT |d 2019-11-21 |i 4100158 |l 12 |m 2 |o 514 MUN 2002 |p 4100158 |q 2025-05-19 |r 2025-03-18 |s 2025-03-18 |w 2019-11-21 |y BK |k MAT | ||
| 952 | |0 0 |1 0 |4 0 |6 514_000000000000000_MUN_2002 |7 0 |8 A |9 381350 |a BIBMAT |b BIBMAT |d 2019-11-21 |i 4242564 |l 2 |m 8 |o 514 MUN 2002 |p 4242564 |q 2025-07-31 |r 2022-02-23 |s 2022-02-23 |w 2019-11-21 |y BK |k MAT | ||
| 952 | |0 0 |1 0 |4 0 |6 514_000000000000000_MUN_2002 |7 0 |8 A |9 381351 |a BIBMAT |b BIBMAT |d 2019-11-21 |i 4242572 |l 9 |m 8 |o 514 MUN 2002 |p 4242572 |q 2025-05-12 |r 2025-04-28 |s 2025-04-28 |w 2019-11-21 |y BK |k MAT | ||
| 952 | |0 0 |1 0 |3 erb |4 0 |6 514_000000000000000_MUN_2002 |7 0 |8 A |9 381352 |a BIBMAT |b BIBMAT |i 5246539 |l 22 |m 17 |o 514 MUN 2002 |p 5246539 |q 2025-05-21 |r 2025-03-18 |s 2025-03-18 |w 2019-11-21 |y BK |z Catalogado en:20151029 |k MAT | ||
| 952 | |0 0 |1 0 |3 erb |4 0 |6 514_000000000000000_MUN_2002 |7 0 |8 A |9 381354 |a BIBMAT |b BIBMAT |i 5397871 |l 31 |m 7 |o 514 MUN 2002 |p 5397871 |q 2025-07-31 |r 2025-01-30 |s 2025-01-30 |w 2019-11-21 |y BK |z Catalogado en:20170616 |k MAT | ||